|
|
|
|
| LEADER |
01088nam a2200241 a 4500 |
| 001 |
GR-MES11038 |
| 008 |
061107s gr b 000 0 gre d |
| 020 |
|
|
|a 9602181710
|
| 040 |
|
|
|a GrPaTEI
|b gre
|c GR-PaULI
|
| 040 |
|
|
|a GrPaTEI
|b gre
|c GR-PaULI
|
| 082 |
|
0 |
|a 361.6
|
| 245 |
0 |
2 |
|a Η μεταρρύθμιση του κοινωνικού κράτους ; επιμέλεια Θεόδωρος Σακελλαρόπουλος.
|
| 260 |
|
|
|a Αθήνα :
|b Κριτική,
|c 1999
|
| 300 |
|
|
|a 566σ. :
|b πιν. ;
|c 21εκ.
|
| 490 |
0 |
|
|a Επιστημονική βιβλιοθήκη
|
| 504 |
|
|
|a Περιλαμβάνει βιβλιογραφίες.
|
| 650 |
|
4 |
|a ΚΟΙΝΩΝΙΚΗ ΠΟΛΙΤΙΚΗ
|
| 650 |
|
4 |
|a Κράτος πρόνοιας
|
| 700 |
1 |
|
|a Σακελλαρόπουλος, Θεόδωρος Δ.
|
| 942 |
|
|
|2 ddc
|
| 952 |
|
|
|0 0
|1 0
|2 ddc
|4 0
|6 361_600000000000000_ΜΕΤ
|7 0
|9 270242
|a MSLG
|b MSLG
|c BSC
|d 2021-01-17
|e 24
|f 0
|g 0.00
|l 0
|o 361.6 ΜΕΤ
|p 2420000020871
|r 2021-01-17 00:00:00
|t 1
|w 2021-01-17
|y BK15
|x 20061107 0 1
|x GrPaTEI
|
| 971 |
|
|
|a .b25770858
|b 01-10-20
|c 13-09-16
|
| 999 |
|
|
|c 156063
|d 156063
|